Упаковки шаров, решетки и группы: в 2-х т.; пер. с англ.
| Hovedforfatter: | |
|---|---|
| Andre forfattere: | |
| Sprog: | russisk |
| Udgivet: |
Москва, Мир, 1990
|
| Format: | MixedMaterials Bog |
| KOHA link: | https://koha.lib.tpu.ru/cgi-bin/koha/opac-detail.pl?biblionumber=182896 |
MARC
| LEADER | 00000nam1a2200000 4500 | ||
|---|---|---|---|
| 001 | 182896 | ||
| 005 | 20231031171423.0 | ||
| 010 | |a 5030023682 | ||
| 035 | |a (RuTPU)RU\TPU\book\198265 | ||
| 090 | |a 182896 | ||
| 100 | |a 20100628d1990 km y0rusy50 ca | ||
| 101 | 1 | |a rus |c eng | |
| 102 | |a RU | ||
| 200 | 1 | |a Упаковки шаров, решетки и группы |e в 2-х т. |e пер. с англ. |f Дж. Конвей, Н. Слоэн | |
| 210 | |a Москва |c Мир |d 1990 | ||
| 675 | |a 514.17 |v 3 | ||
| 700 | 1 | |a Конвей |b Дж. |g Джон | |
| 701 | 1 | |a Слоэн |b Н. |g Нил | |
| 801 | 1 | |a RU |b 63413507 |c 20100628 | |
| 942 | |c BK | ||